[Event "Oberliga Sued W 2122"]
[Site "Germany"]
[Date "2022.06.26"]
[Round "5.3"]
[White "Syska, Albert"]
[Black "Vogel, Johannes"]
[Result "0-1"]
[WhiteElo "2190"]
[BlackElo "2155"]
[PlyCount "104"]
[EventDate "2021.10.24"]
[EventType "team-tourn"]
[EventRounds "9"]
[EventCountry "GER"]
[SourceTitle "EXT 2023"]
[Source "ChessBase"]
[SourceDate "2022.10.05"]
[SourceVersion "1"]
[SourceVersionDate "2022.10.05"]
[SourceQuality "1"]
[WhiteTeam "Frankenthal"]
[BlackTeam "Landau"]
[WhiteTeamCountry "GER"]
[BlackTeamCountry "GER"]

1. e4 e5 2. Nf3 Nc6 3. Bb5 a6 4. Ba4 Nf6 5. d3 b5 6. Bb3 Bc5 7. 0-0 d6 8. c3 Bb6 9. h3 h6 10. d4 Bb7 11. Re1 g5 12. Bd5 Nxd5 13. exd5 Ne7 14. dxe5 Bxd5 15. Nd4 0-0 16. Qh5 Bxd4 17. cxd4 Nf5 18. Nc3 Bb7 19. e6 Qf6 20. d5 Ng7 21. Qg4 fxe6 22. Ne4 Qf5 23. dxe6 Bxe4 24. Rxe4 Qxg4 25. hxg4 Rae8 26. a4 Rxe6 27. Rxe6 Nxe6 28. axb5 axb5 29. Ra7 Rb8 30. g3 Rb6 31. Be3 Rc6 32. Rb7 d5 33. Rxb5 d4 34. Bd2 Rc2 35. Ba5 c6 36. Rb7 Nc5 37. Rb8+ Kf7 38. Rd8 Ne6 39. Rd7+ Ke8 40. Rh7 Rxb2 41. Rxh6 Kd7 42. Rh7+ Kd6 43. f4 Ra2 44. Bb6 d3 45. Be3 Re2 46. Ba7 d2 47. Bb8+ Kc5 48. Rd7 Re1+ 49. Kf2 d1Q 50. Ba7+ Kc4 51. Rxd1 Rxd1 52. f5 Nd8 0-1

[Event "Oberliga Sued W 2122"]
[Site "Germany"]
[Date "2022.05.15"]
[Round "3.2"]
[White "Uhrig, Christian"]
[Black "Syska, Albert"]
[Result "1-0"]
[WhiteElo "2055"]
[BlackElo "2190"]
[PlyCount "73"]
[EventDate "2021.10.24"]
[EventType "team-tourn"]
[EventRounds "9"]
[EventCountry "GER"]
[SourceTitle "EXT 2023"]
[Source "ChessBase"]
[SourceDate "2022.10.05"]
[SourceVersion "1"]
[SourceVersionDate "2022.10.05"]
[SourceQuality "1"]
[WhiteTeam "Schwarzenbach"]
[BlackTeam "Frankenthal"]
[WhiteTeamCountry "GER"]
[BlackTeamCountry "GER"]

1. e4 c5 2. Nf3 Nc6 3. Bb5 Nf6 4. Qe2 g6 5. Bxc6 dxc6 6. b3 Bg7 7. Bb2 0-0 8. d3 a5 9. a4 b6 10. Nbd2 h6 11. 0-0 Be6 12. Rab1 Ra7 13. Nc4 b5 14. Ncd2 Rb7 15. Ba3 Nd7 16. Qe3 Qb6 17. axb5 cxb5 18. Bb2 Bxb2 19. Rxb2 Kh7 20. Rbb1 Ra8 21. Nh4 f6 22. f4 Bf7 23. Nhf3 a4 24. bxa4 Rxa4 25. Kh1 Ra2 26. Rfc1 Kg7 27. h3 e5 28. fxe5 fxe5 29. Nh4 Qf6 30. Qg3 Qg5 31. Qf2 Qf6 32. Qg3 Qg5 33. Qf2 Qf4 34. Qxf4 exf4 35. Nhf3 Kf6 36. e5+ Nxe5 37. Ne4+ 1-0

[Event "Oberliga Sued W 1920"]
[Site "Germany"]
[Date "2019.12.08"]
[Round "4.4"]
[White "Syska, Albert"]
[Black "Carow, Annelen"]
[Result "1-0"]
[WhiteElo "2216"]
[BlackElo "2130"]
[PlyCount "53"]
[EventDate "2019.09.29"]
[EventType "team-tourn"]
[EventRounds "9"]
[EventCountry "GER"]
[SourceTitle "EXT 2021"]
[Source "ChessBase"]
[SourceDate "2020.10.23"]
[SourceVersion "1"]
[SourceVersionDate "2020.10.23"]
[SourceQuality "1"]

1. e4 c5 2. Nf3 e6 3. d4 cxd4 4. Nxd4 a6 5. Bd3 Bc5 6. Nb3 Ba7 7. Qe2 Nc6 8. Be3 d6 9. Nc3 e5 10. Bc4 b5 11. Bd5 Qc7 12. 0-0-0 Nf6 13. Bg5 Bg4 14. f3 Be6 15. Kb1 Rc8 16. Bxf6 gxf6 17. Bxc6+ Qxc6 18. Nd5 f5 19. Na5 Qa8 20. c4 bxc4 21. Nxc4 Bc5 22. Ncb6 Qc6 23. Nxc8 Bxd5 24. Nxd6+ Bxd6 25. Rxd5 fxe4 26. Qxe4 f5 27. Rxe5+ 1-0

[Event "Oberliga Sued W 1819"]
[Site "Germany"]
[Date "2019.04.07"]
[Round "9.4"]
[White "Syska, Albert"]
[Black "Bruch, Jochen"]
[Result "1/2-1/2"]
[WhiteElo "2217"]
[BlackElo "2228"]
[PlyCount "131"]
[EventDate "2018.10.21"]
[EventType "team-tourn"]
[EventRounds "9"]
[EventCountry "GER"]
[SourceTitle "EXT 2020"]
[Source "ChessBase"]
[SourceDate "2019.10.17"]
[SourceVersion "1"]
[SourceVersionDate "2019.10.17"]
[SourceQuality "1"]
[WhiteTeam "Frankenthal"]
[BlackTeam "Landau"]
[WhiteTeamCountry "GER"]
[BlackTeamCountry "GER"]

1. e4 c5 2. Nf3 e6 3. d4 cxd4 4. Nxd4 Nf6 5. Nc3 d6 6. g4 h6 7. Rg1 Nc6 8. h4 h5 9. g5 Ng4 10. Rg2 Qb6 11. Nb3 a6 12. Qe2 Bd7 13. f3 Nge5 14. Be3 Qc7 15. a4 Na5 16. f4 Ng4 17. Nxa5 Nxe3 18. Qxe3 Qxa5 19. g6 f6 20. Bc4 0-0-0 21. 0-0-0 Re8 22. Bb3 Kb8 23. Qh3 b5 24. axb5 axb5 25. Kb1 Kc7 26. f5 b4 27. Na2 exf5 28. Rd5 Qb6 29. exf5 Re1+ 30. Nc1 Bc6 31. Rdd2 Bxg2 32. Rxg2 Be7 33. c3 Ra8 34. Kc2 bxc3 35. Qxc3+ Qc5 36. Nd3 Qxc3+ 37. bxc3 Rf1 38. Be6 d5 39. Bxd5 Ra4 40. Re2 Kd8 41. Kb3 Rxh4 42. Be6 Ra1 43. Rd2 Kc7 44. Nf4 Rb1+ 45. Kc2 Rb7 46. Rd4 Kb8 47. Bf7 Bd6 48. Rxd6 Rxf4 49. Rd8+ Kc7 50. Rg8 Rxf5 51. Rxg7 Kd6 52. Rh7 Rg5 53. Kd3 Ke5 54. Be8 Rb1 55. Bf7 Rbg1 56. Rh8 R1g3+ 57. Kc4 R5g4+ 58. Kb5 Rxc3 59. Rxh5+ f5 60. Be8 Rc7 61. Kb6 Rc8 62. Rxf5+ Ke6 63. Bb5 Rb8+ 64. Kc7 Kxf5 65. Bd7+ Kxg6 66. Bxg4 1/2-1/2

[Event "Oberliga Sued W 1819"]
[Site "Germany"]
[Date "2019.02.24"]
[Round "7.5"]
[White "Biehl, Tim"]
[Black "Syska, Albert"]
[Result "0-1"]
[WhiteElo "1972"]
[BlackElo "2217"]
[PlyCount "80"]
[EventDate "2018.10.21"]
[EventType "team-tourn"]
[EventRounds "9"]
[EventCountry "GER"]
[SourceTitle "EXT 2020"]
[Source "ChessBase"]
[SourceDate "2019.10.17"]
[SourceVersion "1"]
[SourceVersionDate "2019.10.17"]
[SourceQuality "1"]
[WhiteTeam "Saarbruecken SVG"]
[BlackTeam "Frankenthal"]
[WhiteTeamCountry "GER"]
[BlackTeamCountry "GER"]

1. d4 e6 2. c4 f5 3. Nf3 d5 4. g3 c6 5. Bg2 Nf6 6. 0-0 Bd6 7. b3 Qe7 8. a4 Nbd7 9. Ba3 Bxa3 10. Nxa3 0-0 11. Nc2 Ne4 12. e3 g5 13. Nd2 Ndf6 14. f3 Nxd2 15. Qxd2 g4 16. f4 Bd7 17. Qb4 Qg7 18. Qxb7 Rfb8 19. Qc7 Rxb3 20. cxd5 Nxd5 21. Bxd5 cxd5 22. Rfb1 Rxb1+ 23. Rxb1 Bxa4 24. Qc3 Qd7 25. Nb4 Rc8 26. Qa1 Bb5 27. Na6 Bxa6 28. Qxa6 Rc6 29. Rb8+ Kf7 30. Qa3 Qe7 31. Qxe7+ Kxe7 32. Rb7+ Kf6 33. Rxa7 Rc1+ 34. Kf2 Rc2+ 35. Kg1 Re2 36. Ra3 h5 37. Rc3 Kg6 38. Kh1 h4 39. Kg1 h3 40. Kh1 Re1# 0-1

[Event "Oberliga Sued W 1819"]
[Site "Germany"]
[Date "2018.11.11"]
[Round "2.5"]
[White "Syska, Albert"]
[Black "Sahm, Philipp"]
[Result "1-0"]
[WhiteElo "2217"]
[BlackElo "2066"]
[PlyCount "81"]
[EventDate "2018.10.21"]
[EventType "team-tourn"]
[EventRounds "9"]
[EventCountry "GER"]
[SourceTitle "EXT 2020"]
[Source "ChessBase"]
[SourceDate "2019.10.17"]
[SourceVersion "1"]
[SourceVersionDate "2019.10.17"]
[SourceQuality "1"]
[WhiteTeam "Frankenthal"]
[BlackTeam "Winterbach Turm"]
[WhiteTeamCountry "GER"]
[BlackTeamCountry "GER"]

1. e4 c5 2. Nc3 g6 3. g3 Bg7 4. Bg2 Nc6 5. f4 d6 6. Nf3 f5 7. d3 Nh6 8. 0-0 0-0 9. Re1 a6 10. Nd5 Rb8 11. a4 Ng4 12. c3 e6 13. Ne3 e5 14. Nd5 h6 15. h3 Nf6 16. fxe5 dxe5 17. Be3 fxe4 18. Nxf6+ Qxf6 19. dxe4 Bxh3 20. Bxh3 Qxf3 21. Qxf3 Rxf3 22. Kg2 Rf6 23. Bxc5 b6 24. Be3 Na5 25. Rad1 Nc4 26. Bc1 Rbf8 27. Re2 Nd6 28. Bd7 Nb7 29. b4 Rf3 30. Be3 a5 31. Bc6 Nd8 32. Bd5+ Kh7 33. Bxb6 Rxc3 34. Bxa5 Rff3 35. Bxd8 Rxg3+ 36. Kh1 g5 37. Be6 Bf8 38. Bf6 g4 39. Bxe5 Rh3+ 40. Rh2 h5 41. Bxc3 1-0

[Event "Oberliga Sued W 1213"]
[Site "Germany"]
[Date "2012.11.25"]
[Round "3.4"]
[White "Syska, Albert"]
[Black "Hell, Manfred"]
[Result "1-0"]
[WhiteElo "2145"]
[BlackElo "1981"]
[PlyCount "33"]
[EventDate "2012.10.21"]
[EventType "team-tourn"]
[EventRounds "9"]
[EventCountry "GER"]
[SourceTitle "EXT 2019"]
[Source "ChessBase"]
[SourceDate "2018.10.10"]
[SourceVersion "1"]
[SourceVersionDate "2018.10.10"]
[SourceQuality "1"]
[WhiteTeam "Frankenthal"]
[BlackTeam "Winterbach Turm"]
[WhiteTeamCountry "GER"]
[BlackTeamCountry "GER"]

1. e4 e6 2. d4 d5 3. Nc3 Bb4 4. e5 Qd7 5. Bd2 b6 6. a4 a5 7. Nb5 Bf8 8. Qg4 Ba6 9. Nf3 Ne7 10. h4 Nf5 11. h5 c6 12. Nc3 Bxf1 13. Kxf1 Na6 14. Qf4 Bb4 15. g4 Ne7 16. Ng5 0-0 17. h6 1-0

[Event "Oberliga Sued W 1112"]
[Site "Germany"]
[Date "2012.02.05"]
[Round "6"]
[White "Manescu, Tiberiu"]
[Black "Syska, Albert"]
[Result "1-0"]
[WhiteElo "2402"]
[BlackElo "2220"]
[PlyCount "83"]
[EventDate "2011.09.25"]
[EventType "team-tourn"]
[EventRounds "9"]
[EventCountry "GER"]
[SourceTitle "EXT 2013"]
[Source "ChessBase"]
[SourceDate "2012.11.22"]
[SourceVersion "1"]
[SourceVersionDate "2012.11.22"]
[SourceQuality "1"]
[WhiteTeam "Saarbruecken Gambit"]
[BlackTeam "Frankenthal"]
[WhiteTeamCountry "GER"]
[BlackTeamCountry "GER"]

1. e4 c5 2. Nc3 Nc6 3. Bb5 Qb6 4. Nf3 e6 5. Bxc6 bxc6 6. d3 d5 7. 0-0 Nf6 8. e5 Nd7 9. Na4 Qc7 10. Re1 Nb6 11. c4 h6 12. Be3 dxc4 13. Nxb6 axb6 14. dxc4 Be7 15. Bf4 0-0 16. Nd2 Rd8 17. Qg4 Kh7 18. Ne4 Rd4 19. Be3 Qxe5 20. Bxd4 cxd4 21. Ng3 Qd6 22. Rad1 Rxa2 23. Rxd4 Qb4 24. Rdd1 Qxb2 25. Re2 Qb3 26. Rxa2 Qxa2 27. Qe4+ g6 28. Qxc6 Qc2 29. Rf1 Ba6 30. Qe8 Bf6 31. Qxf7+ Bg7 32. h4 h5 33. Re1 Kh6 34. Ne4 Qxc4 35. Qf4+ Kh7 36. Rc1 Qd4 37. Ng5+ Kh6 38. Qf7 Qxh4 39. Nxe6 Qf6 40. Qg8 h4 41. f4 Bh8 42. Rc7 1-0

[Event "Oberliga Sued W 1011"]
[Site "Germany"]
[Date "2011.03.20"]
[Round "8.1"]
[White "Syska, Albert"]
[Black "Muranyi, Karl Jasmin"]
[Result "0-1"]
[WhiteElo "2201"]
[BlackElo "2300"]
[PlyCount "92"]
[EventDate "2010.10.10"]
[EventType "team-tourn"]
[EventRounds "9"]
[EventCountry "GER"]
[SourceTitle "EXT 2012"]
[Source "ChessBase"]
[SourceDate "2011.11.24"]
[SourceVersion "1"]
[SourceVersionDate "2011.11.24"]
[SourceQuality "1"]
[WhiteTeam "Frankenthal"]
[BlackTeam "Worms"]
[WhiteTeamCountry "GER"]
[BlackTeamCountry "GER"]

1. e4 c6 2. Nc3 d5 3. Nf3 Bg4 4. h3 Bxf3 5. Qxf3 e6 6. d3 Nf6 7. Bd2 Bb4 8. e5 Nfd7 9. Qg4 Bf8 10. f4 g6 11. Qf3 h5 12. g3 b5 13. Bg2 Qb6 14. 0-0-0 b4 15. Ne2 a5 16. Be3 Bc5 17. d4 Be7 18. Kb1 Na6 19. g4 a4 20. Nc1 Nc7 21. Bf1 Nb5 22. Bxb5 Qxb5 23. f5 Nb6 24. b3 Kd7 25. fxg6 fxg6 26. Qf7 axb3 27. cxb3 Raf8 28. Qxg6 Nc8 29. gxh5 Rfg8 30. Qd3 Na7 31. h6 Rg3 32. Qd2 Qb8 33. Bf4 Rg6 34. h4 Qg8 35. Bg5 Nb5 36. Ne2 Rgxh6 37. Bxe7 Qh7+ 38. Ka1 Qxe7 39. Nf4 Nc3 40. Rdg1 Rxh4 41. Rxh4 Qxh4 42. Rg7+ Kc8 43. Qc1 Qf2 44. Rg2 Qxd4 45. Nxe6 Qxe5 46. Qf1 Nb5+ 0-1

[Event "Oberliga Sued W 1011"]
[Site "Germany"]
[Date "2010.11.14"]
[Round "3.1"]
[White "Syska, Albert"]
[Black "Philippe, Christophe"]
[Result "0-1"]
[WhiteElo "2201"]
[BlackElo "2425"]
[PlyCount "96"]
[EventDate "2010.10.10"]
[EventType "team-tourn"]
[EventRounds "9"]
[EventCountry "GER"]
[SourceTitle "EXT 2012"]
[Source "ChessBase"]
[SourceDate "2011.11.24"]
[SourceVersion "1"]
[SourceVersionDate "2011.11.24"]
[SourceQuality "1"]
[WhiteTeam "Frankenthal"]
[BlackTeam "Saarbruecken SVG"]
[WhiteTeamCountry "GER"]
[BlackTeamCountry "GER"]

1. e4 Nf6 2. e5 Nd5 3. d4 d6 4. Nf3 g6 5. Bc4 c6 6. 0-0 Bg7 7. Re1 0-0 8. Nbd2 Bg4 9. h3 Bxf3 10. Nxf3 dxe5 11. dxe5 e6 12. Bf1 Nd7 13. c4 N5b6 14. Bg5 Qc7 15. Be7 Nxe5 16. Bxf8 Rxf8 17. Nxe5 Bxe5 18. Qe2 Bd4 19. Rad1 c5 20. Rd3 Nd7 21. g3 e5 22. Bg2 f5 23. Ra3 b6 24. Kh1 Kg7 25. Qd2 Nf6 26. Rf3 e4 27. Ra3 Rf7 28. Rb3 Re7 29. a4 a5 30. Ra3 h6 31. Kh2 g5 32. f3 e3 33. Rexe3 Bxe3 34. Rxe3 Rxe3 35. Qxe3 f4 36. Qe1 fxg3+ 37. Qxg3 Qf4 38. Bf1 Nh5 39. Qxf4 gxf4 40. h4 Kf6 41. Bd3 Ke5 42. Kh3 Nf6 43. Bg6 Kd4 44. Bf7 Ke3 45. Kg2 Nd7 46. Bd5 Ne5 47. Kh3 Kd2 48. Kg2 Kc2 0-1

[Event "Oberliga Sued W 1011"]
[Site "Germany"]
[Date "2010.10.24"]
[Round "2.1"]
[White "Becking, Stephan"]
[Black "Syska, Albert"]
[Result "1/2-1/2"]
[WhiteElo "2368"]
[BlackElo "2201"]
[PlyCount "134"]
[EventDate "2010.10.10"]
[EventType "team-tourn"]
[EventRounds "9"]
[EventCountry "GER"]
[SourceTitle "EXT 2012"]
[Source "ChessBase"]
[SourceDate "2011.11.24"]
[SourceVersion "1"]
[SourceVersionDate "2011.11.24"]
[SourceQuality "1"]
[WhiteTeam "Illingen"]
[BlackTeam "Frankenthal"]
[WhiteTeamCountry "GER"]
[BlackTeamCountry "GER"]

1. d4 Nf6 2. Nf3 b6 3. Bg5 e6 4. Nbd2 Bb7 5. e3 Be7 6. h3 0-0 7. Bd3 c5 8. c3 Ba6 9. Bxa6 Nxa6 10. Qe2 Qc8 11. e4 cxd4 12. cxd4 Nb4 13. 0-0 h6 14. Bh4 Qa6 15. Qxa6 Nxa6 16. e5 Nd5 17. Bxe7 Nxe7 18. Nc4 Rfc8 19. Nd6 Rc2 20. Rab1 Nb4 21. Rfc1 Nec6 22. Rxc2 Nxc2 23. d5 N6d4 24. Nxd4 Nxd4 25. Kf1 f6 26. exf6 gxf6 27. Rc1 exd5 28. Rd1 Nc6 29. Rxd5 Ne7 30. Rd3 f5 31. Re3 Nd5 32. Re5 Nb4 33. Re7 Rf8 34. a3 Nd3 35. Rxd7 Nxb2 36. Rxa7 Rf6 37. Rd7 Na4 38. Nc4 Rc6 39. Ne3 f4 40. Nd5 Rc4 41. Rd6 f3 42. gxf3 b5 43. f4 Nc3 44. Nf6+ Kf7 45. Ng4 Rxf4 46. Nxh6+ Kg7 47. Rd3 Nb1 48. Ng4 Ra4 49. Rd7+ Kf8 50. Rb7 Nxa3 51. Ne5 Ra6 52. f4 Nc2 53. Rxb5 Ra2 54. Rb8+ Kg7 55. Kf2 Nd4+ 56. Ke3 Nf5+ 57. Ke4 Ng3+ 58. Kf3 Ra3+ 59. Kg4 Ne4 60. Rb7+ Kh6 61. Kh4 Ng3 62. Rf7 Ne4 63. f5 Nf2 64. Ng4+ Nxg4 65. hxg4 Ra4 66. Rb7 Rxg4+ 67. Kh3 Rf4 1/2-1/2

[Event "Bundesliga 0910"]
[Site "Germany"]
[Date "2010.02.06"]
[Round "8.8"]
[White "Kachibadze, Georg"]
[Black "Syska, Albert"]
[Result "1-0"]
[WhiteElo "2239"]
[BlackElo "2255"]
[PlyCount "153"]
[EventDate "2009.10.16"]
[EventType "team-tourn"]
[EventRounds "15"]
[EventCountry "GER"]
[SourceTitle "CBM 134 Extra"]
[Source "ChessBase"]
[SourceDate "2010.03.03"]
[SourceVersion "1"]
[SourceVersionDate "2010.03.03"]
[SourceQuality "1"]
[WhiteTeam "Koenig Tegel"]
[BlackTeam "Handschuhsheim"]
[WhiteTeamCountry "GER"]
[BlackTeamCountry "GER"]

1. e4 c5 2. Nf3 d6 3. Bc4 Nf6 4. d3 Nc6 5. c3 e6 6. Bb3 Be7 7. 0-0 0-0 8. Re1 e5 9. Nbd2 Ne8 10. Nf1 Bf6 11. Be3 Qa5 12. Ng3 g6 13. Bh6 Bg7 14. Bxg7 Nxg7 15. Qd2 Be6 16. Qh6 f6 17. Nd2 Bxb3 18. Nxb3 Qc7 19. f4 Ne6 20. f5 Nf4 21. d4 b6 22. Ne2 Nxe2+ 23. Rxe2 gxf5 24. exf5 Qg7 25. Qd2 Rad8 26. Re3 Kh8 27. Rg3 Qf7 28. Rd1 a5 29. Qh6 Ne7 30. Rf1 Rg8 31. Rxg8+ Rxg8 32. Nd2 Rg5 33. Ne4 Rxf5 34. Nxd6 Rxf1+ 35. Kxf1 Qg7 36. Qxg7+ Kxg7 37. dxc5 bxc5 38. Nb7 Nd5 39. Nxc5 Ne3+ 40. Kg1 Nd1 41. Na4 Kf7 42. Kf1 Ne3+ 43. Kf2 Ng4+ 44. Kf3 Nxh2+ 45. Ke4 Ng4 46. b4 axb4 47. cxb4 Ke6 48. Nc5+ Kd6 49. a4 Nh6 50. a5 f5+ 51. Kd3 e4+ 52. Kd4 Kc6 53. Kc4 Ng4 54. b5+ Kd6 55. a6 Ne3+ 56. Kd4 Nc2+ 57. Kc3 Ne3 58. Na4 Nd5+ 59. Kc4 e3 60. a7 e2 61. a8Q Ne3+ 62. Kd3 e1Q 63. Qd8+ Ke6 64. Nc5+ Kf7 65. Qd7+ Kf6 66. Qe6+ Kg7 67. Qxe3 Qb1+ 68. Kc4 Qf1+ 69. Qd3 Qxg2 70. Qxf5 Qa2+ 71. Nb3 Qe2+ 72. Qd3 Qe6+ 73. Qd5 Qe2+ 74. Kb4 Qe1+ 75. Qd2 Qe7+ 76. Nc5 Qh4+ 77. Ka5 1-0

[Event "Verbandsliga Nord Baden 0910"]
[Site "Germany"]
[Date "2010.01.10"]
[Round "5.3"]
[White "Tavakolian, Martin"]
[Black "Syska, Albert"]
[Result "1-0"]
[WhiteElo "2183"]
[BlackElo "2263"]
[PlyCount "67"]
[EventDate "2009.10.11"]
[EventType "team-tourn"]
[EventRounds "9"]
[EventCountry "GER"]
[SourceTitle "EXT 2011"]
[Source "ChessBase"]
[SourceDate "2010.11.26"]
[SourceVersion "1"]
[SourceVersionDate "2010.11.26"]
[SourceQuality "1"]
[WhiteTeam "Lindenhof"]
[BlackTeam "Heidelberg II"]
[WhiteTeamCountry "GER"]
[BlackTeamCountry "GER"]

1. e4 e6 2. d3 d5 3. Qe2 Be7 4. e5 c5 5. g3 Nc6 6. Bg2 h5 7. h4 Nd4 8. Qd1 Qc7 9. Bf4 Qb6 10. Qc1 Nh6 11. c3 Nc6 12. Nf3 Ng4 13. 0-0 Bd7 14. Nbd2 f6 15. Re1 0-0 16. exf6 gxf6 17. Nh2 Rf7 18. Ndf1 Bf8 19. Nxg4 hxg4 20. Ne3 f5 21. Nxd5 exd5 22. Bxd5 Ne7 23. Bxf7+ Kxf7 24. Qc2 Be6 25. Re2 Qc6 26. Rae1 Bd5 27. Kh2 Ng6 28. Bg5 Bd6 29. c4 Bg2 30. Qc3 Nf8 31. Re7+ Bxe7 32. Rxe7+ Kg6 33. Qg7+ Kh5 34. Qh8+ 1-0

[Event "FRA-chT2 0910"]
[Site "France"]
[Date "2009.12.12"]
[Round "5.3"]
[White "Muheim, Sebastien"]
[Black "Syska, Albert"]
[Result "0-1"]
[WhiteElo "2040"]
[BlackElo "2251"]
[PlyCount "31"]
[EventDate "2009.09.27"]
[EventType "team-tourn"]
[EventRounds "11"]
[EventCountry "FRA"]
[SourceTitle "EXT 2011"]
[Source "ChessBase"]
[SourceDate "2010.11.26"]
[SourceVersion "1"]
[SourceVersionDate "2010.11.26"]
[SourceQuality "1"]

1. d4 Nf6 2. c4 c5 3. d5 e5 4. Nc3 d6 5. e4 Nbd7 6. g3 g6 7. Bg2 Bg7 8. Nge2 0-0 9. 0-0 Ne8 10. Be3 f5 11. Qd2 Nef6 12. a3 Nh5 13. f3 b6 14. Rac1 Ndf6 15. h3 Nxg3 16. Nxg3 0-1

[Event "Bundesliga 0910"]
[Site "Germany"]
[Date "2009.10.17"]
[Round "1.8"]
[White "Schulz, Klaus Juergen"]
[Black "Syska, Albert"]
[Result "1-0"]
[WhiteElo "2385"]
[BlackElo "2255"]
[PlyCount "103"]
[EventDate "2009.10.16"]
[EventType "team-tourn"]
[EventRounds "15"]
[EventCountry "GER"]
[SourceTitle "CBM 132 Extra"]
[Source "ChessBase"]
[SourceDate "2009.11.03"]
[SourceVersion "1"]
[SourceVersionDate "2009.11.03"]
[SourceQuality "1"]
[WhiteTeam "Remagen"]
[BlackTeam "Handschuhsheim"]
[WhiteTeamCountry "GER"]
[BlackTeamCountry "GER"]

1. d4 Nf6 2. Nf3 e6 3. c4 b6 4. g3 Bb7 5. Bg2 Be7 6. 0-0 0-0 7. Nc3 Ne4 8. Qc2 Nxc3 9. Qxc3 f5 10. b3 Bf6 11. Bb2 d6 12. Rad1 a5 13. Ne1 Bxg2 14. Nxg2 Nc6 15. Qf3 Qd7 16. Nf4 Rae8 17. Nh5 Bd8 18. Nxg7 Kxg7 19. Qxc6 Qxc6 20. d5+ Bf6 21. Bxf6+ Rxf6 22. dxc6 f4 23. Rd4 Ref8 24. f3 fxg3 25. hxg3 Rf5 26. Rg4+ Kf6 27. Kf2 Rh5 28. Rd1 Ke7 29. Rdd4 Rc5 30. Rh4 h5 31. Rh1 Rff5 32. Rdh4 d5 33. Rxh5 dxc4 34. Rh7+ Kd6 35. bxc4 Rxc4 36. g4 Re5 37. R7h5 Rxc6 38. Rd1+ Rd5 39. Rdxd5+ exd5 40. Rh6+ Kd7 41. g5 Rc2 42. g6 Ke7 43. g7 Kf7 44. Rg6 Kg8 45. f4 d4 46. Kf3 Rxa2 47. f5 Ra3+ 48. Kf4 Re3 49. f6 Re8 50. Rh6 Kf7 51. Rh8 Rg8 52. Kf5 1-0

[Event "Berlin Lichtenberger op 8th"]
[Site "Berlin"]
[Date "2009.08.23"]
[Round "9"]
[White "Heuser, Philip"]
[Black "Syska, Albert"]
[Result "0-1"]
[WhiteElo "2081"]
[BlackElo "2268"]
[PlyCount "54"]
[EventDate "2009.08.15"]
[EventType "swiss"]
[EventRounds "9"]
[EventCountry "GER"]
[SourceTitle "CBM 131 Extra"]
[Source "ChessBase"]
[SourceDate "2009.09.03"]
[SourceVersion "2"]
[SourceVersionDate "2009.09.16"]
[SourceQuality "1"]

1. d4 Nf6 2. c4 c5 3. d5 e5 4. Nc3 d6 5. e4 Be7 6. g3 g6 7. Bg2 Nh5 8. Nge2 0-0 9. 0-0 f5 10. f4 Nd7 11. exf5 gxf5 12. b3 Bf6 13. Bb2 a6 14. a4 b6 15. Qd2 Ra7 16. Bh3 exf4 17. Nxf4 Nxf4 18. gxf4 Bd4+ 19. Kh1 Nf6 20. Rf3 Rg7 21. Rg3 Rff7 22. Re1 Bd7 23. Re2 Nh5 24. Rxg7+ Rxg7 25. Rg2 Qh4 26. Rxg7+ Bxg7 27. Bg2 Ng3+ 0-1

[Event "Berlin Lichtenberger op 8th"]
[Site "Berlin"]
[Date "2009.08.21"]
[Round "7"]
[White "Bruedigam, Martin"]
[Black "Syska, Albert"]
[Result "1-0"]
[WhiteElo "2249"]
[BlackElo "2268"]
[PlyCount "61"]
[EventDate "2009.08.15"]
[EventType "swiss"]
[EventRounds "9"]
[EventCountry "GER"]
[SourceTitle "CBM 131 Extra"]
[Source "ChessBase"]
[SourceDate "2009.09.03"]
[SourceVersion "2"]
[SourceVersionDate "2009.09.16"]
[SourceQuality "1"]

1. e4 c5 2. Nf3 d6 3. c3 Nf6 4. Be2 Nbd7 5. Qc2 Qc7 6. 0-0 b6 7. d3 g6 8. Be3 Bb7 9. Nbd2 Bg7 10. Ng5 d5 11. f4 dxe4 12. dxe4 0-0 13. Rae1 h6 14. Nh3 Qc6 15. Bf3 e5 16. Nf2 Ba6 17. c4 Bb7 18. f5 Rfe8 19. g4 gxf5 20. gxf5 Nh7 21. Kh1 Kh8 22. Rg1 Rg8 23. Nb1 Bf6 24. Bxh6 Bg5 25. Bxg5 Nxg5 26. Rg3 Nf6 27. Nc3 Qd7 28. Qc1 Qd4 29. Rxg5 Qxf2 30. Rh5+ Kg7 31. Qh6# 1-0

[Event "Berlin Lichtenberger op 8th"]
[Site "Berlin"]
[Date "2009.08.16"]
[Round "2"]
[White "Syska, Albert"]
[Black "Kuehnemund, Lutz"]
[Result "1-0"]
[WhiteElo "2268"]
[BlackElo "1924"]
[PlyCount "57"]
[EventDate "2009.08.15"]
[EventType "swiss"]
[EventRounds "9"]
[EventCountry "GER"]
[SourceTitle "CBM 131 Extra"]
[Source "ChessBase"]
[SourceDate "2009.09.03"]
[SourceVersion "2"]
[SourceVersionDate "2009.09.16"]
[SourceQuality "1"]

1. f4 Nf6 2. Nf3 b6 3. g3 Bb7 4. Bg2 g6 5. 0-0 Bg7 6. d3 d6 7. e4 Nbd7 8. Nc3 0-0 9. h3 e6 10. g4 h5 11. Nh2 hxg4 12. hxg4 Nh7 13. Qe1 Nc5 14. Qg3 f5 15. Bd2 Kh8 16. Rae1 a5 17. Nf3 Bf6 18. g5 Bg7 19. exf5 gxf5 20. Be3 Nd7 21. Nd4 Bxg2 22. Nxe6 Qe8 23. Bd4 Bxd4+ 24. Nxd4 Qf7 25. Kxg2 Nc5 26. Rh1 Rg8 27. Rh6 Rg6 28. Reh1 Rxh6 29. Rxh6 1-0

[Event "Berlin Lichtenberger op 8th"]
[Site "Berlin"]
[Date "2009.08.15"]
[Round "1"]
[White "Rickmann, David"]
[Black "Syska, Albert"]
[Result "0-1"]
[WhiteElo "1763"]
[BlackElo "2268"]
[PlyCount "56"]
[EventDate "2009.08.15"]
[EventType "swiss"]
[EventRounds "9"]
[EventCountry "GER"]
[SourceTitle "CBM 131 Extra"]
[Source "ChessBase"]
[SourceDate "2009.09.03"]
[SourceVersion "2"]
[SourceVersionDate "2009.09.16"]
[SourceQuality "1"]

1. e4 c5 2. Nf3 d6 3. d4 cxd4 4. Nxd4 Nf6 5. Nc3 Nc6 6. Be3 Ng4 7. Bg5 Qb6 8. Bb5 Bd7 9. Bxc6 bxc6 10. 0-0 h6 11. Bc1 g6 12. h3 Bg7 13. Nde2 Nf6 14. Rb1 0-0 15. Be3 Qc7 16. Ng3 Rad8 17. f4 Bc8 18. Qf3 Kh7 19. Qf2 c5 20. f5 Bb7 21. Rfd1 Nd7 22. Nge2 Nf6 23. Nf4 Nxe4 24. fxg6+ fxg6 25. Nxe4 Bxe4 26. Qg3 d5 27. Nh5 Qxg3 28. Nxg3 Bxc2 0-1

[Event "Graz op-A"]
[Site "Graz"]
[Date "2008.08.31"]
[Round "2"]
[White "Syska, Albert"]
[Black "Kozul, Zdenko"]
[Result "0-1"]
[WhiteElo "2252"]
[BlackElo "2579"]
[PlyCount "56"]
[EventDate "2008.08.30"]
[EventType "swiss"]
[EventRounds "9"]
[EventCountry "AUT"]
[SourceTitle "CBM 126 Extra"]
[Source "ChessBase"]
[SourceDate "2008.11.05"]
[SourceVersion "1"]
[SourceVersionDate "2008.11.05"]
[SourceQuality "1"]

1. e4 c5 2. Nf3 d6 3. d4 cxd4 4. Nxd4 Nf6 5. Nc3 a6 6. Be3 e5 7. Nb3 Be7 8. Qd2 0-0 9. f3 Be6 10. 0-0-0 a5 11. Bb5 Na6 12. Qf2 Qc8 13. Na4 Nc7 14. Nb6 Qb8 15. Nxa8 Qxa8 16. Qe2 a4 17. Nd2 Bxa2 18. Bc4 Bxc4 19. Nxc4 a3 20. Nxa3 d5 21. Nb1 d4 22. Bg5 Ne6 23. h4 Rc8 24. Rd3 Qa2 25. Rhd1 b5 26. f4 Bf8 27. f5 Nc5 28. Ra3 b4 0-1